Library Banner

Fird i Farid = فردِ فرید : (Record no. 136262)

MARC details
000 -LEADER
fixed length control field 00591nam a22001457a 4500
005 - DATE AND TIME OF LATEST TRANSACTION
control field 20241211115933.0
008 - FIXED-LENGTH DATA ELEMENTS--GENERAL INFORMATION
fixed length control field 241211b |||||||| |||| 00| 0 eng d
040 ## - CATALOGING SOURCE
Transcribing agency PK-LaUMT
082 ## - DEWEY DECIMAL CLASSIFICATION NUMBER
Classification number APC 297.4092
Item number FIR-
245 ## - TITLE STATEMENT
Title Fird i Farid = فردِ فرید :
Remainder of title hazrat Khawaja Ghulam Farid kay kalam o pegham ka tahseeni jaizah = حضرت خواجہ غلام فرید کے کلامو پیغام کا تحسینی جائزہ /
Statement of responsibility, etc compiled by Mehr Abdul Haq = مرتبہ مہر عبدالحق
260 ## - PUBLICATION, DISTRIBUTION, ETC. (IMPRINT)
Place of publication, distribution, etc Multan :
Name of publisher, distributor, etc Nau Bahar Press,
Date of publication, distribution, etc 2006
300 ## - PHYSICAL DESCRIPTION
Extent 448 p.
546 ## - LANGUAGE NOTE
Language note Urdu
942 ## - ADDED ENTRY ELEMENTS (KOHA)
Koha item type Books
Holdings
Withdrawn status Lost status Damaged status Home library Current library Date acquired Full call number Barcode Date last seen Price effective from Koha item type
      UMT Main Campus UMT Main Campus 2024-12-11 APC 297.4092 ٖFIR- 148125 2024-12-11 2024-12-11 Books